000
00431nam a2200121Ia 4500
005
20251206144427.0
008
251206s9999 xx 000 0 und d
082
_a
593.5
_b
RAD
100
_a
இராதாகிருஷ்ணன், சி.
245
0
_a
குழியுடலிகள்
260
_a
சென்னை :
_b
தமிழ்நாட்டுப் பாடநூல் நிறுவனம்
942
_c
REF
999
_c
601238
_d
601238